000 00576nam a2200217Ia 4500
003 OSt
005 20220926041645.0
006 a|||||r|||| 00| 0
007 ta
008 220923b |||||||| |||| 00| 0 eng d
037 _cGeneral Book
040 _aRTL
_cRTL
_beng
041 _2eng
_aeng
082 _aXM5:6.73.N5, H9
100 _aBosland Chelcie C
_9345175
245 0 _aCorporate finance and regulation
260 _c1949
650 _aJoint Stock Company
942 _hXM5:6.73.N5, H9
_cGB
_2CC
999 _c667722
_d667722